Recorridos de las memorias : (Record no. 27945)

MARC details
000 -LEADER
campo de control de longitud fija 00596nam a22001817a 4500
001 - NÚMERO DE CONTROL
campo de control 00027935
005 - FECHA Y HORA DE LA ÚLTIMA TRANSACCIÓN
campo de control 20260123070640.0
008 - DATOS DE LONGITUD FIJA--INFORMACIÓN GENERAL
campo de control de longitud fija 260123b ag ||||| |||| 00| 0 spa d
040 ## - FUENTE DE CATALOGACIÓN
Centro catalogador/agencia de origen AR-CcCEOS
Lengua de catalogación Español; Castellano
Centro/agencia transcriptor AR-CcCEOS
041 ## - CÓDIGO DE IDIOMA
Código de lengua del texto/banda sonora o título independiente Español; Castellano
080 ## - NÚMERO DE LA CLASIFICACIÓN DECIMAL UNIVERSAL
Número de la Clasificación Decimal Universal 860-94(82)
090 ## - LOCALMENTE ASIGNADO TIPO-LC NÚMERO DE CLASIFICACIÓN (OCLC); NÚMERO DE CLASIFICACIÓN LOCAL (RLIN)
Número cutter local (OCLC) ; Número de libro/Signatura topográfica íntegra, CALL (RLIN) BAD
100 ## - ENTRADA PRINCIPAL--NOMBRE DE PERSONA
Nombre de persona Maria del Rosario Badano
9 (RLIN) 208
245 ## - MENCIÓN DEL TÍTULO
Título Recorridos de las memorias :
Resto del título ensayos de estudiantes universitarios concurso "Memorias y Dictadura" /
Mención de responsabilidad, etc. Ma. del Rosario Badano y Javierno Sergio Ríos
300 ## - DESCRIPCIÓN FÍSICA
Extensión 116 p. ;
Dimensiones 22x16 cm.
655 #0 - TERMINO DE INDIZACIÓN--GENERO/FORMA
Datos o término principal de género/forma literatura
9 (RLIN) 19
Término no-principal memorias
Designación de faceta/jerarquía dictadura
942 ## - ELEMENTOS DE ENTRADA SECUNDARIOS (KOHA)
Fuente de la clasificación o esquema de estantería Clasificación decimal universal
Tipo de ítem Koha Libros
Suprimir en OPAC No
Holdings
Estatus retirado Estado de pérdida Fuente de la clasificación o esquema de estantería Estado de daño No para préstamo Biblioteca de origen Biblioteca actual Fecha de adquisición Número de inventario Total de préstamos Signatura topográfica completa Información codificada de la localización en otra ubicación Colección Código de barras Visto por última vez Precio de reemplazo Tipo de ítem Koha
    Clasificación decimal universal     Biblioteca Julio Serebrinsky Biblioteca Julio Serebrinsky 23/01/2026 43862   860-94(82) BAD SER 43862 23/01/2026 23/01/2026 Libros